000 00315nam a22001337a 4500
008 250519b |||||||| |||| 00| 0 eng d
020 _a0333962990
050 _aHD30
_b.N49
100 _aNEWELL, Sue
245 _aManaging Knowledge Work
260 _aNew York
_bPalgrave
_c2002
300 _axvi, 207p.
942 _cBK
999 _c3545
_d3545